| 000 | 00888nam a22002057a 4500 | ||
|---|---|---|---|
| 005 | 20130915132312.0 | ||
| 008 | 120208s2013 ua|||||r||||o00| 0 ara d | ||
| 082 |
_222 _a344.074 _bق ا ن |
||
| 245 |
_aقانون تنظيم الجامعات : _bرقم ٤٩ لسنة ١٩٧٢ ولائحته التنفيذية وفقا لأحدث التعديلات. |
||
| 250 | _aط. 1. | ||
| 260 |
_aالقاهرة : _bمجموعة الانصار القانونية للنش، _c2013. |
||
| 300 |
_a352 ص. ؛ _c24 سم. |
||
| 500 | _aيشتمل على ملحق خارجي | ||
| 504 | _aيشتمل على ارجاعات ببليوجرافية | ||
| 650 |
_926837 _aالجامعات والكليات _zمصر |
||
| 650 |
_928698 _aالجامعات والكليات _xقوانين وتشريعات |
||
| 653 |
_bAra _cSeptember2013 |
||
| 700 |
_928699 _aزغلول، ثروت سعد |
||
| 942 |
_2ddc _cBB |
||
| 999 |
_c17527 _d17499 |
||